| 000 | 00819cab a2200229 4500 | ||
|---|---|---|---|
| 001 | ABS67977 | ||
| 008 | 040721n2004 000 0 eng u | ||
| 035 | _a(Sirsi) u126873 | ||
| 100 | _aAlder, C. | ||
| 245 | _aExamining claims of fraud and deception in Australian Aboriginal art | ||
| 260 | _c2004 | ||
| 490 |
_aArt Antiquity and Law _v9(2) June 2004, 117-142(25) |
||
| 520 | _aFocuses on issues such as establishing authenticity of works of art, fraud and fakery and establishing provenance. The article concentrates on Aboriginal art but the issues raised are relevant when dealing with any works of art. | ||
| 590 | _aABS | ||
| 650 | _aWORKS OF ART | ||
| 650 | _aFRAUD | ||
| 650 | _aPROVENANCE | ||
| 650 | _aCULTURAL OBJECTS | ||
| 690 |
_aArts and antiques _96217 |
||
| 700 | _aPolk, K. | ||
| 942 | _n0 | ||
| 999 |
_c74476 _d74476 |
||